000 00691nam a2200289Ia 4500
005 20260324133430.0
008 008 260324s9999 xx 000 0 eng d
020 _a9780203167236
037 _aEBOOK
040 _aCRL
040 _beng
040 _cCRL
041 _2eng
041 _aeng
084 _qCRL
100 _aPia Christensen; Margaret O'Brien
_91193074
245 0 _aChildren in the City
245 0 _bHome Neighbourhood and Community
260 _bTaylor and Francis
260 _c2003
365 _a
365 _b290
856 _uhttp://www.taylorfrancis.com/books/9780203167236
942 _cEBOOK
999 _c1792088
_d1792088